Statistics for Name all members of Straykids

Click here to take the quiz!

General Stats

  • This quiz has been taken 209 times
  • The average score is 9 of 9

Answer Stats

Members% Correct
Felix
100%
Bang Chan
99%
Hyunjin
98%
I.N
98%
Lee Know
98%
Changbin
96%
Han
96%
Seungmin
95%
Woojin
93%

Score Distribution

Percentile by Number Answered

Percent of People with Each Score

Your Score History

You have not taken this quiz